Participatory Rural Appraisal/ (Record no. 22252)
[ view plain ]
| 000 -LEADER | |
|---|---|
| fixed length control field | 00510cam a22001815i 4500 |
| 020 ## - INTERNATIONAL STANDARD BOOK NUMBER | |
| ISBN | 9718778543 |
| 040 ## - CATALOGING SOURCE | |
| Transcribing agency | DLC |
| 082 ## - DEWEY DECIMAL CLASSIFICATION NUMBER | |
| Classification number | PAR CAL 2003 C326 Or. |
| 100 1# - MAIN ENTRY--AUTHOR NAME | |
| Personal name | Calub, Blesilda, |
| 245 10 - TITLE STATEMENT | |
| Title | Participatory Rural Appraisal/ |
| 300 ## - PHYSICAL DESCRIPTION | |
| Number of Pages | xi, 81 pages ; |
| Dimensions | 30 cm |
| 700 1# - ADDED ENTRY--PERSONAL NAME | |
| Personal name | Africa, Leila S., |
| 700 1# - ADDED ENTRY--PERSONAL NAME | |
| Personal name | Burgos, Bessie, |
| 700 1# - ADDED ENTRY--PERSONAL NAME | |
| Personal name | Custodio, Henry M., |
| 700 1# - ADDED ENTRY--PERSONAL NAME | |
| Personal name | Punto, Maria Katrina R., |
| 710 2# - ADDED ENTRY--CORPORATE NAME | |
| Corporate name or jurisdiction name as entry element | SEAMEO Regional Center for Graduate Study and Research in Agriculture, |
| 942 ## - ADDED ENTRY ELEMENTS (KOHA) | |
| Koha item type | ADB |
| 952 ## - LOCATION AND ITEM INFORMATION (KOHA) | |
| Withdrawn status [LOCAL, KOHA] | 0 |
| Permanent Location | Date acquired | Koha item type | Lost status | Shelving location | Barcode | Current Location | Full call number |
|---|---|---|---|---|---|---|---|
| Library Block C | 2023-11-24 | ADB | C326 | a074888 | Library Block C | PAR CAL 2003 C326 Or. |